000 00425nam a2200145Ia 4500
008 231129s1997||||xx |||||||||||||| ||spa||
020 _a958-38-0049-X
040 _bspa
082 _a306.481 C134j
100 _aCaillois Roger
245 0 _aLos juegos y los hombres: La máscara y el vértigo
260 _c1997
264 _aMéxico : Fondo de Cultura Económica
942 _2ddc
_cBKS
999 _c19788
_d19788